Pokémon - A - Statistiques

Statistiques générales
  • Ce quiz a été pris 26 fois
  • Le résultat moyen est 16 sur 44
Statistiques - réponses
Pokémon % Correct
Aspicot
75%
Abo
70%
Abra
70%
Alakazam
70%
Arbok
70%
Artikodin
60%
Apireine
50%
Apitrini
50%
Aligatueur
45%
Amonistar
45%
Amonita
45%
Aquali
45%
Arceus
45%
Arcko
45%
Airmure
40%
Amphinobi
40%
Arakdo
40%
Absol
35%
Aéromite
35%
Aéroptéryx
35%
Akwakwak
35%
Anchwatt
35%
Arcanin
35%
Archéduc
35%
Archéodong
35%
Archéomire
35%
Altaria
30%
Ama-Ama
30%
Arkéapti
30%
Armaldo
30%
Aflamanoir
25%
Amagara
25%
Amovénus
25%
Anorith
25%
Araqua
25%
Armulys
25%
Avaltout
25%
Axoloto
25%
Argouste
20%
Astronelle
20%
Azumarill
20%
Azurill
20%
Angoliath
15%
Arrozard
10%
Aucun quiz correspondant
Distribution des résultats
% des personnes avec chaque résultat
Percentile par nombre de réponses
Votre historique - résultats
Vous n’avez pas pris ce quiz